La plasticidad en espera.

Tallennettuna:
Bibliografiset tiedot
Päätekijä: Malabou, Catherine (autora)
Muut tekijät: Durán, Cristobal (edición, traducción), Valdivia, Manuela (edición, traducción)
Aineistotyyppi: Kirja
Kieli:englanti
Julkaistu: Santiago, Chile: Palinodia, 2010.
Painos:Segunda edición.
Sarja:Colección Archivo Feminista.
Aiheet:
Tagit: Lisää tagi
Ei tageja, Lisää ensimmäinen tagi!

MARC

LEADER 00000nam a22000007a 4500
003 CL-VaPUC
005 20250321101931.0
008 250122b ||||| |||| 00| 0 eng d
999 |c 446757  |d 446755 
020 |a 978-956-8438-52-4 
040 |c Pontificia Universidad Católica de Valparaíso 
082 7 |a 194 MAL 2018  |2 22 
100 |a Malabou, Catherine  |9 861657  |e autora 
245 1 3 |a La plasticidad en espera.  
250 |a Segunda edición. 
260 |a Santiago, Chile:  |b Palinodia,   |c 2010. 
300 |a 129 páginas.  
490 |a Colección Archivo Feminista. 
500 |a c.1. Instituto Arcos 8-1-2025 
583 |c 20250122  |k GC 
650 |a Filosofía francesa   |x Plasticidad   |9 895755 
700 |a Durán, Cristobal   |e edición   |e traducción  |9 895756 
700 |a Valdivia, Manuela   |e edición   |e traducción  |9 895757 
942 |2 ddc  |c BK  |n 0 
952 |0 0  |1 0  |2 ddc  |4 0  |6 194_000000000000000_MAL_2018  |7 0  |8 A  |9 599787  |a BIBINC  |b BIBINC  |d 2025-01-22  |e Instituto Arcos   |i 5664745  |o 194 MAL 2018  |p 5664745  |r 2025-01-22  |t 1  |w 2025-01-22  |y BK  |k IFP